[Event "Oberliga Nord W 0910"]
[Site "Germany"]
[Date "2009.10.18"]
[Round "1.3"]
[White "Seemann, Semjon"]
[Black "Ten Vergert, Paul"]
[Result "1/2-1/2"]
[WhiteElo "2063"]
[BlackElo "2025"]
[PlyCount "83"]
[EventDate "2009.10.18"]
[EventType "team-tourn"]
[EventRounds "9"]
[EventCountry "GER"]
[SourceTitle "EXT 2011"]
[Source "ChessBase"]
[SourceDate "2010.11.26"]
[SourceVersion "1"]
[SourceVersionDate "2010.11.26"]
[SourceQuality "1"]
[WhiteTeam "Uelzen Post"]
[BlackTeam "Nordhorn Blanke"]
[WhiteTeamCountry "GER"]
[BlackTeamCountry "GER"]

1. e4 c5 2. Nf3 Nc6 3. Nc3 Nf6 4. d4 cxd4 5. Nxd4 e5 6. Ndb5 d6 7. Bg5 a6 8. Na3 b5 9. Nd5 Be7 10. Bxf6 Bxf6 11. c4 b4 12. Nc2 a5 13. g3 Bg5 14. Bg2 0-0 15. 0-0 Ne7 16. Nxe7+ Qxe7 17. Qd3 Rd8 18. Kh1 Be6 19. Rad1 Qf6 20. b3 Qh6 21. Rfe1 Rac8 22. Ne3 Bxe3 23. Rxe3 f6 24. Qf1 Kf7 25. f4 Kg8 26. Red3 Rc6 27. Qf2 Rd7 28. Qd2 Bg4 29. Bf3 Qh3 30. f5 Bxf3+ 31. Rxf3 Qg4 32. Qd5+ Kf8 33. Kg2 Rc5 34. Qa8+ Ke7 35. h3 Qh5 36. Rfd3 Qe2+ 37. Kg1 Rd8 38. Qa7+ Rd7 39. Qa8 Rd8 40. Qa7+ Rd7 41. Qb8 Rd8 42. Qa7+ 1/2-1/2

[Event "Harburg-chA 7th"]
[Site "Hamburg"]
[Date "2009.07.05"]
[Round "4"]
[White "Schulenburg, Fabian"]
[Black "Seemann, Semjon"]
[Result "1/2-1/2"]
[WhiteElo "2198"]
[BlackElo "2063"]
[PlyCount "36"]
[EventDate "2009.07.03"]
[EventType "tourn"]
[EventRounds "5"]
[EventCountry "GER"]
[SourceTitle "EXT 2010"]
[Source "ChessBase"]
[SourceDate "2010.11.25"]
[SourceVersion "1"]
[SourceVersionDate "2010.11.25"]
[SourceQuality "1"]

1. e4 c5 2. Nf3 d6 3. d4 cxd4 4. Nxd4 Nf6 5. Nc3 a6 6. g3 e6 7. Bg2 Be7 8. 0-0 0-0 9. a4 Qc7 10. Be3 Nc6 11. Qe2 Bd7 12. Rad1 Nxd4 13. Bxd4 Bc6 14. Rd2 Rfd8 15. Rfd1 Qa5 16. e5 dxe5 17. Qxe5 Qxe5 18. Bxe5 Bxg2 1/2-1/2

[Event "Harburg-chA 7th"]
[Site "Hamburg"]
[Date "2009.07.03"]
[Round "1"]
[White "Reddmann, Hauke"]
[Black "Seemann, Semjon"]
[Result "0-1"]
[WhiteElo "2318"]
[BlackElo "2063"]
[PlyCount "92"]
[EventDate "2009.07.03"]
[EventType "tourn"]
[EventRounds "5"]
[EventCountry "GER"]
[SourceTitle "EXT 2010"]
[Source "ChessBase"]
[SourceDate "2010.11.25"]
[SourceVersion "1"]
[SourceVersionDate "2010.11.25"]
[SourceQuality "1"]

1. d4 d6 2. Nc3 Nf6 3. Bg5 Nbd7 4. e4 e5 5. f4 h6 6. fxe5 dxe5 7. dxe5 hxg5 8. exf6 Qxf6 9. Bc4 Bb4 10. Nge2 Ne5 11. Qd4 Bxc3+ 12. bxc3 Nxc4 13. Qxc4 Bg4 14. Qb5+ c6 15. Qxb7 0-0 16. Rf1 Qe5 17. Qxc6 Qxh2 18. Rd1 Bxe2 19. Kxe2 Qxg2+ 20. Rf2 Qg4+ 21. Ke1 Rad8 22. Rd3 Qg1+ 23. Rf1 Qh2 24. Rf2 Qb8 25. Qc4 g4 26. Kf1 g3 27. Rff3 Qb1+ 28. Kg2 Qxc2+ 29. Kxg3 Rxd3 30. Rxd3 Qe2 31. Qd5 Re8 32. Rf3 Re6 33. e5 Qxe5+ 34. Qxe5 Rxe5 35. Rd3 g6 36. Kf3 Kg7 37. c4 Rc5 38. Rc3 f5 39. Ke3 Kf6 40. Kd4 Rc8 41. Ra3 f4 42. Rxa7 g5 43. c5 g4 44. Ke4 f3 45. Ke3 Rxc5 46. Ra8 Kg5 0-1

[Event "Niedersachsen-ch U18"]
[Site "Rotenburg"]
[Date "2009.04.10"]
[Round "9"]
[White "Seemann, Semjon"]
[Black "Delekat, Julian"]
[Result "1-0"]
[WhiteElo "2072"]
[BlackElo "1315"]
[PlyCount "69"]
[EventDate "2009.04.04"]
[EventType "swiss"]
[EventRounds "9"]
[EventCountry "GER"]
[SourceTitle "EXT 2010"]
[Source "ChessBase"]
[SourceDate "2010.11.25"]
[SourceVersion "1"]
[SourceVersionDate "2010.11.25"]
[SourceQuality "1"]

1. e4 c6 2. Nf3 d5 3. exd5 cxd5 4. Ne5 Nf6 5. d4 g6 6. c3 Bg7 7. Bd3 0-0 8. 0-0 Nc6 9. Qe2 Bf5 10. Bxf5 gxf5 11. Nd2 e6 12. Nxc6 bxc6 13. f3 Kh8 14. b4 Rg8 15. Nb3 Bf8 16. Bf4 Nh5 17. Be5+ Bg7 18. Na5 Bxe5 19. Qxe5+ Rg7 20. g3 Qg5 21. Kh1 f6 22. Qe1 Rag8 23. Rg1 Qh6 24. Qc1 Nxg3+ 25. Rxg3 Qxc1+ 26. Rxc1 Rxg3 27. hxg3 Rxg3 28. Rf1 Rg7 29. Re1 Rg3 30. Rxe6 Rxf3 31. Rxc6 Kg7 32. Kg2 Rd3 33. Nb3 Kg6 34. b5 Kg5 35. a4 1-0

[Event "Niedersachsen-ch U18"]
[Site "Rotenburg"]
[Date "2009.04.07"]
[Round "5"]
[White "Seemann, Semjon"]
[Black "Kickert, Germaine Helene"]
[Result "1/2-1/2"]
[WhiteElo "2072"]
[BlackElo "1933"]
[PlyCount "46"]
[EventDate "2009.04.04"]
[EventType "swiss"]
[EventRounds "9"]
[EventCountry "GER"]
[SourceTitle "EXT 2010"]
[Source "ChessBase"]
[SourceDate "2010.11.25"]
[SourceVersion "1"]
[SourceVersionDate "2010.11.25"]
[SourceQuality "1"]

1. e4 c5 2. Nf3 e6 3. d4 cxd4 4. Nxd4 Nc6 5. Nc3 Qc7 6. Nb3 Be7 7. Bd3 Nf6 8. 0-0 a6 9. Qe2 b5 10. f4 d6 11. Bd2 0-0 12. Rae1 Bb7 13. Kh1 b4 14. Nd1 a5 15. c3 e5 16. Ne3 a4 17. Nd5 Nxd5 18. exd5 axb3 19. dxc6 Qxc6 20. axb3 Ra2 21. Bb5 Qd5 22. Bc4 Qc6 23. Bb5 Qd5 1/2-1/2

[Event "Niedersachsen-ch U18"]
[Site "Rotenburg"]
[Date "2009.04.06"]
[Round "4"]
[White "Kuberczyk, Christoph"]
[Black "Seemann, Semjon"]
[Result "1-0"]
[WhiteElo "1900"]
[BlackElo "2072"]
[PlyCount "81"]
[EventDate "2009.04.04"]
[EventType "swiss"]
[EventRounds "9"]
[EventCountry "GER"]
[SourceTitle "EXT 2010"]
[Source "ChessBase"]
[SourceDate "2010.11.25"]
[SourceVersion "1"]
[SourceVersionDate "2010.11.25"]
[SourceQuality "1"]

1. e4 c5 2. Nf3 Nc6 3. d4 cxd4 4. Nxd4 Nf6 5. Nc3 e5 6. Ndb5 d6 7. Nd5 Nxd5 8. exd5 Nb8 9. a4 Be7 10. Be2 0-0 11. 0-0 f5 12. f4 a6 13. Na3 Nd7 14. Be3 exf4 15. Bxf4 Qb6+ 16. Kh1 Qxb2 17. Nc4 Qf6 18. Re1 Nc5 19. Bf3 Bd7 20. Rxe7 Qxe7 21. Bxd6 Qh4 22. Bxc5 Qxc4 23. Bxf8 Rxf8 24. d6 Bc6 25. Bxc6 Qxc6 26. Qd4 Rd8 27. Rd1 Qxc2 28. d7 Qe4 29. Qb6 Qe7 30. Qxb7 g6 31. Qxa6 Kf7 32. Qc4+ Qe6 33. Qxe6+ Kxe6 34. Kg1 Rxd7 35. Rxd7 Kxd7 36. Kf2 g5 37. Ke3 h5 38. h4 f4+ 39. Kf3 gxh4 40. Kxf4 Kc6 41. Kg5 1-0

[Event "BL2-Nord 0809"]
[Site "Germany"]
[Date "2009.01.18"]
[Round "5.4"]
[White "Seemann, Semjon"]
[Black "Jasnikowski, Zbigniew"]
[Result "1/2-1/2"]
[WhiteElo "2085"]
[BlackElo "2385"]
[PlyCount "93"]
[EventDate "2008.10.05"]
[EventType "team-tourn"]
[EventRounds "9"]
[EventCountry "GER"]
[SourceTitle "CBM 129 Extra"]
[Source "ChessBase"]
[SourceDate "2009.05.05"]
[SourceVersion "2"]
[SourceVersionDate "2009.05.20"]
[SourceQuality "1"]
[WhiteTeam "Uelzen Post"]
[BlackTeam "Neukloster"]
[WhiteTeamCountry "GER"]
[BlackTeamCountry "GER"]

1. e4 c6 2. Nf3 d5 3. exd5 cxd5 4. Ne5 Nc6 5. d4 Nf6 6. Bb5 Bd7 7. Nxd7 Qxd7 8. c3 e6 9. 0-0 Bd6 10. Nd2 Qc7 11. h3 0-0 12. Re1 a6 13. Bd3 b5 14. a3 Qb7 15. Qe2 e5 16. dxe5 Nxe5 17. Nf3 Rae8 18. Nxe5 Rxe5 19. Be3 Bc5 20. Qd2 Bxe3 21. Rxe3 Rfe8 22. Rxe5 Rxe5 23. Re1 Qe7 24. Rxe5 Qxe5 25. Qe2 Qf4 26. g3 Qc1+ 27. Kg2 g5 28. Qe5 Kg7 29. Bxh7 Qxb2 30. Qxg5+ Kxh7 31. Qxf6 Qxa3 32. Qxf7+ Kh8 33. Qf6+ Kg8 34. Qe6+ Kg7 35. Qe5+ Kf8 36. h4 a5 37. h5 Qe7 38. Qxd5 a4 39. Qf5+ Kg7 40. Qg6+ Kh8 41. Qh6+ Kg8 42. Qc6 a3 43. Qxb5 Qa7 44. Qc4+ Kg7 45. Qg4+ Kh8 46. Qc8+ Kg7 47. Qg4+ 1/2-1/2

[Event "Niedersachsen-ch"]
[Site "Verden"]
[Date "2009.01.02"]
[Round "2"]
[White "Sauer, Norwin"]
[Black "Seemann, Semjon"]
[Result "1-0"]
[WhiteElo "1995"]
[BlackElo "2089"]
[PlyCount "115"]
[EventDate "2009.01.02"]
[EventType "swiss"]
[EventRounds "9"]
[EventCountry "GER"]
[SourceTitle "CBM 128 Extra"]
[Source "ChessBase"]
[SourceDate "2009.03.05"]
[SourceVersion "2"]
[SourceVersionDate "2009.03.25"]
[SourceQuality "1"]

1. d4 Nf6 2. c4 c5 3. d5 b5 4. cxb5 a6 5. bxa6 g6 6. Nc3 Bxa6 7. e4 Bxf1 8. Kxf1 d6 9. g3 Bg7 10. Kg2 0-0 11. Nf3 Nbd7 12. h3 Qa5 13. Qc2 Rfb8 14. Bd2 Qb4 15. Rab1 Nb6 16. b3 Nfd7 17. Na4 Qb5 18. Nxb6 Nxb6 19. b4 c4 20. Bc3 Qa4 21. Qxa4 Rxa4 22. Bxg7 Kxg7 23. Nd4 Rxa2 24. Nc6 Rb7 25. Ra1 Rxa1 26. Rxa1 e6 27. dxe6 fxe6 28. Nd8 Rb8 29. Nxe6+ Kf6 30. Nd4 Nc8 31. b5 Rb7 32. f4 Ne7 33. Ra6 Nc8 34. Rc6 Nb6 35. Rxd6+ Ke7 36. Rc6 Rd7 37. Rxb6 Rxd4 38. e5 Rd5 39. Rc6 Rxb5 40. Rxc4 Ke6 41. Kf3 Rb3+ 42. Kg4 Kd5 43. Rc1 h5+ 44. Kh4 Ke4 45. Rc4+ Kf3 46. f5 gxf5 47. Rf4+ Kg2 48. Rxf5 Rb4+ 49. Kxh5 Kxh3 50. Kg5 Kxg3 51. Kf6 Kg4 52. e6 Rb8 53. Ra5 Rf8+ 54. Kg7 Re8 55. Kf7 Rh8 56. e7 Rh7+ 57. Ke6 Rh6+ 58. Kd7 1-0

[Event "Niedersachsen-ch"]
[Site "Verden"]
[Date "2009.01.02"]
[Round "1"]
[White "Seemann, Semjon"]
[Black "Lubbe, Nikolas"]
[Result "0-1"]
[WhiteElo "2089"]
[BlackElo "2269"]
[PlyCount "84"]
[EventDate "2009.01.02"]
[EventType "swiss"]
[EventRounds "9"]
[EventCountry "GER"]
[SourceTitle "CBM 128 Extra"]
[Source "ChessBase"]
[SourceDate "2009.03.05"]
[SourceVersion "2"]
[SourceVersionDate "2009.03.25"]
[SourceQuality "1"]

1. e4 c5 2. Nf3 Nc6 3. d4 cxd4 4. Nxd4 Nf6 5. Nc3 d6 6. Bc4 e5 7. Nf3 Be6 8. Bb3 h6 9. 0-0 Be7 10. h3 0-0 11. Re1 a6 12. Nd5 Bxd5 13. Bxd5 Qc7 14. c3 Nxd5 15. Qxd5 Nb8 16. Nh2 Kh8 17. Ng4 Nd7 18. Qd1 f5 19. exf5 Rxf5 20. Ne3 Rf7 21. Nd5 Qc6 22. Be3 Raf8 23. Nxe7 Rxe7 24. Qd2 d5 25. Rad1 Nf6 26. Qd3 Rfe8 27. Kh1 Rd7 28. Kg1 Qa4 29. Qg6 Re6 30. Qf5 Rde7 31. Bc5 Re8 32. Qb1 Qc4 33. Be3 d4 34. Bd2 d3 35. Be3 e4 36. Bd4 Nh5 37. Re3 Nf4 38. b3 Qc8 39. f3 Rg6 40. fxe4 Nxg2 41. Rexd3 Ne3+ 42. Kf2 Rg2+ 0-1

[Event "BL2-Nord 0809"]
[Site "Germany"]
[Date "2008.12.14"]
[Round "4.3"]
[White "Seemann, Semjon"]
[Black "Schmidt, Harald"]
[Result "0-1"]
[WhiteElo "2085"]
[BlackElo "2390"]
[PlyCount "44"]
[EventDate "2008.10.05"]
[EventType "team-tourn"]
[EventRounds "9"]
[EventCountry "GER"]
[SourceTitle "CBM 129 Extra"]
[Source "ChessBase"]
[SourceDate "2009.05.05"]
[SourceVersion "2"]
[SourceVersionDate "2009.05.20"]
[SourceQuality "1"]
[WhiteTeam "Uelzen Post"]
[BlackTeam "Luebeck II"]
[WhiteTeamCountry "GER"]
[BlackTeamCountry "GER"]

1. e4 d6 2. d4 Nf6 3. Nc3 g6 4. Bc4 Bg7 5. Qe2 e5 6. dxe5 dxe5 7. Bg5 c6 8. a4 Qa5 9. Rb1 0-0 10. Nf3 Nbd7 11. 0-0 Qc7 12. b4 Nh5 13. Be7 Nf4 14. Qd2 Nb6 15. Bd6 Qd7 16. Bb3 Rd8 17. Rbd1 Qg4 18. Ne1 Be6 19. f3 Qg5 20. Bxe6 fxe6 21. Qc1 Rxd6 22. Rxd6 Nh3+ 0-1

[Event "BL2-Nord 0809"]
[Site "Germany"]
[Date "2008.10.26"]
[Round "2.4"]
[White "Langrock, Hannes"]
[Black "Seemann, Semjon"]
[Result "1/2-1/2"]
[WhiteElo "2380"]
[BlackElo "2085"]
[PlyCount "98"]
[EventDate "2008.10.05"]
[EventType "team-tourn"]
[EventRounds "9"]
[EventCountry "GER"]
[SourceTitle "CBM 129 Extra"]
[Source "ChessBase"]
[SourceDate "2009.05.05"]
[SourceVersion "2"]
[SourceVersionDate "2009.05.20"]
[SourceQuality "1"]
[WhiteTeam "Hamburger SK II"]
[BlackTeam "Uelzen Post"]
[WhiteTeamCountry "GER"]
[BlackTeamCountry "GER"]

1. e4 c5 2. c3 d5 3. exd5 Qxd5 4. d4 cxd4 5. cxd4 Nc6 6. Nf3 e5 7. Nc3 Bb4 8. Bd2 Bxc3 9. Bxc3 e4 10. Ne5 Nxe5 11. dxe5 Ne7 12. Qa4+ Bd7 13. Qa3 Qe6 14. Qb4 0-0 15. Bc4 Nd5 16. Qxb7 Bc6 17. Qa6 Qg6 18. Bxd5 Bxd5 19. Qxg6 hxg6 20. Ke2 f5 21. exf6 gxf6 22. Ke3 Kf7 23. h4 Rh8 24. g4 Rh7 25. a3 Ke6 26. Rad1 Rd8 27. h5 gxh5 28. gxh5 Rh6 29. Rh4 Rg8 30. Rdh1 Rg2 31. Bd2 a6 32. Kd4 Rh7 33. Be3 Rg8 34. Bf4 Rd8 35. Rc1 Bc6+ 36. Ke3 Rd3+ 37. Ke2 Bb5 38. Ke1 Rg7 39. Rh1 Rg4 40. h6 Rxf4 41. h7 e3 42. fxe3 Rxe3+ 43. Kd1 Rd3+ 44. Kc2 Rf2+ 45. Kb1 Rdd2 46. Rce1+ Kd6 47. h8Q Rxb2+ 48. Kc1 Rbc2+ 49. Kb1 Rb2+ 1/2-1/2

[Event "Dresden ZMD op"]
[Site "Dresden"]
[Date "2008.07.26"]
[Round "8"]
[White "Seemann, Semjon"]
[Black "Horvath, Peter"]
[Result "1/2-1/2"]
[WhiteElo "2073"]
[BlackElo "2490"]
[PlyCount "146"]
[EventDate "2008.07.19"]
[EventType "swiss"]
[EventRounds "9"]
[EventCountry "GER"]
[SourceTitle "CBM 125 Extra"]
[Source "ChessBase"]
[SourceDate "2008.09.01"]
[SourceVersion "1"]
[SourceVersionDate "2008.09.01"]
[SourceQuality "1"]

1. e4 c5 2. Nf3 Nc6 3. d4 cxd4 4. Nxd4 Nf6 5. Nc3 e5 6. Ndb5 d6 7. Bg5 a6 8. Na3 b5 9. Nd5 Be7 10. Bxf6 Bxf6 11. c4 b4 12. Nc2 a5 13. g3 0-0 14. Bg2 Bg5 15. 0-0 Ne7 16. Nce3 Bxe3 17. Nxe3 Be6 18. Qd3 Qc7 19. Rad1 Rfd8 20. f4 f6 21. f5 Bf7 22. g4 Qc5 23. Kh1 Nc6 24. Rf3 b3 25. a3 Nd4 26. Rg3 h6 27. h4 Kf8 28. g5 hxg5 29. hxg5 Ke7 30. g6 Rh8+ 31. Rh3 Rxh3+ 32. Bxh3 Bg8 33. Bf1 a4 34. Rc1 Rc8 35. Rc3 Qa7 36. Kg2 Qb6 37. Kg3 Kd7 38. Kg2 Qc5 39. Qd1 Qa7 40. Qd3 Kc7 41. Qd1 Kb8 42. Qd3 Qc5 43. Qd1 Nc6 44. Qd3 Qd4 45. Nd5 Bxd5 46. cxd5 Qxd3 47. Bxd3 Nd4 48. Rxc8+ Kxc8 49. Kf2 Kc7 50. Ke3 Kb6 51. Kd2 Kc5 52. Bf1 Nc2 53. Kd3 Kb6 54. Kd2 Nd4 55. Bd3 Nf3+ 56. Ke3 Ne1 57. Ke2 Nc2 58. Kd2 Kc5 59. Kc3 Ne3 60. Be2 Ng2 61. Bf1 Nf4 62. Ba6 Nh3 63. Be2 Nf2 64. Bf3 Kb5 65. Kd2 Kc4 66. Ke3 Nh3 67. Be2+ Kc5 68. Bf1 Nf4 69. Ba6 Ng2+ 70. Kf2 Nf4 71. Ke3 Kb6 72. Bf1 Nh5 73. Be2 Nf4 1/2-1/2

[Event "Oberliga Nord W 0708"]
[Site "Germany"]
[Date "2008.04.06"]
[Round "8.7"]
[White "Wall, Henrik"]
[Black "Seemann, Semjon"]
[Result "0-1"]
[WhiteElo "1927"]
[BlackElo "2010"]
[PlyCount "120"]
[EventDate "2007.10.21"]
[EventType "team-tourn"]
[EventRounds "9"]
[EventCountry "GER"]
[SourceTitle "EXT 2009"]
[Source "ChessBase"]
[SourceDate "2008.11.26"]
[SourceVersion "1"]
[SourceVersionDate "2008.11.26"]
[SourceQuality "1"]
[WhiteTeam "Hannover Post"]
[BlackTeam "Uelzen Post"]
[WhiteTeamCountry "GER"]
[BlackTeamCountry "GER"]

1. e4 c5 2. Nf3 Nc6 3. b3 d6 4. Bb2 Nf6 5. d3 e6 6. Nbd2 Be7 7. Be2 0-0 8. 0-0 Qc7 9. d4 Rd8 10. c4 cxd4 11. Nxd4 d5 12. exd5 exd5 13. Nxc6 Qxc6 14. Bf3 Be6 15. Qe2 Qa6 16. cxd5 Qxe2 17. Bxe2 Nxd5 18. Rfd1 Nf4 19. Kf1 Bb4 20. Nf3 Nxe2 21. Kxe2 Bg4 22. Rd4 Rxd4 23. Bxd4 Re8+ 24. Kd3 Bxf3 25. gxf3 a6 26. Rc1 Bd6 27. h3 f5 28. Rc4 Kf7 29. Bc5 Ke6 30. Bxd6 Kxd6 31. Rd4+ Ke6 32. Rb4 b5 33. a4 Rd8+ 34. Ke3 Rd5 35. axb5 axb5 36. f4 g6 37. Rd4 Rc5 38. h4 Rc3+ 39. Rd3 Rc1 40. Kf3 Rh1 41. Kg3 Rg1+ 42. Kf3 Rg4 43. Ke3 Rxh4 44. Rd8 Rh1 45. Rb8 h5 46. Rxb5 Rb1 47. Kf3 Rb2 48. Kg3 h4+ 49. Kxh4 Rxf2 50. Kg3 Rc2 51. Rb6+ Kd5 52. b4 Rc3+ 53. Kf2 Rb3 54. Ke2 Ke4 55. Rxg6 Rxb4 56. Re6+ Kxf4 57. Re8 Rb2+ 58. Kd3 Kf3 59. Rf8 f4 60. Rg8 Kf2 0-1

[Event "GER-chT U16"]
[Site "Uelzen"]
[Date "2007.12.29"]
[Round "6.2"]
[White "Pogan, Nikolas"]
[Black "Seemann, Semjon"]
[Result "1/2-1/2"]
[WhiteElo "1992"]
[BlackElo "2045"]
[PlyCount "98"]
[EventDate "2007.12.27"]
[EventType "team-swiss"]
[EventRounds "7"]
[EventCountry "GER"]
[SourceTitle "EXT 2022"]
[Source "ChessBase"]
[SourceDate "2021.10.06"]
[SourceVersion "1"]
[SourceVersionDate "2021.10.06"]
[SourceQuality "1"]
[WhiteTeam "Heilbronn U16"]
[BlackTeam "Uelzen Post U16"]
[WhiteTeamCountry "GER"]
[BlackTeamCountry "GER"]

1. e4 c5 2. Nf3 Nc6 3. c3 d5 4. exd5 Qxd5 5. d4 cxd4 6. cxd4 e5 7. Nc3 Bb4 8. Nxe5 Nxe5 9. dxe5 Qxe5+ 10. Qe2 Qxe2+ 11. Bxe2 Bxc3+ 12. bxc3 Bd7 13. 0-0 Bc6 14. Bg4 Nf6 15. Re1+ Kf8 16. Ba3+ Kg8 17. Bd1 a5 18. Bb3 a4 19. Bc4 Nd5 20. Re5 Nb6 21. Bd3 g6 22. Rb1 Rd8 23. Bf1 Nd7 24. Re7 h5 25. Bc4 Rh7 26. Rd1 Rc8 27. Be2 Nb6 28. c4 f6 29. Re6 Nd7 30. Bd3 Kf7 31. Re7+ Kg8 32. Bxg6 Rxe7 33. Bxe7 Kg7 34. Bxh5 Ne5 35. c5 Kh6 36. Be2 Rg8 37. g3 Re8 38. Bd6 Nf3+ 39. Bxf3 Bxf3 40. Ra1 Kg5 41. h3 Re2 42. a3 Kf5 43. Bf4 Ke4 44. Kf1 Kd4 45. Bd6 Kc3 46. Re1 Rxe1+ 47. Kxe1 f5 48. h4 Kc2 49. Be5 Kd3 1/2-1/2

[Event "GER-chT U16"]
[Site "Uelzen"]
[Date "2007.12.27"]
[Round "2.2"]
[White "Babayev, Husejn"]
[Black "Seemann, Semjon"]
[Result "1/2-1/2"]
[WhiteElo "1859"]
[BlackElo "2045"]
[PlyCount "77"]
[EventDate "2007.12.27"]
[EventType "team-swiss"]
[EventRounds "7"]
[EventCountry "GER"]
[SourceTitle "EXT 2022"]
[Source "ChessBase"]
[SourceDate "2021.10.06"]
[SourceVersion "1"]
[SourceVersionDate "2021.10.06"]
[SourceQuality "1"]
[WhiteTeam "Limburgerhof U16"]
[BlackTeam "Uelzen Post U16"]
[WhiteTeamCountry "GER"]
[BlackTeamCountry "GER"]

1. e4 c5 2. Nf3 Nc6 3. d4 cxd4 4. Nxd4 Nf6 5. Nc3 e5 6. Ndb5 d6 7. Bg5 a6 8. Na3 b5 9. Bxf6 gxf6 10. Nd5 Bg7 11. c3 f5 12. exf5 Bxf5 13. Nc2 Be6 14. g3 0-0 15. Bg2 a5 16. 0-0 Rb8 17. Qd2 f5 18. Rad1 Qd7 19. f4 Kh8 20. a3 e4 21. Nce3 b4 22. axb4 axb4 23. c4 Qa7 24. Kh1 Nd4 25. h3 Qd7 26. Qf2 b3 27. g4 fxg4 28. Bxe4 g3 29. Qxg3 Nf5 30. Qf2 Qf7 31. Bg2 Qh5 32. Kh2 Nh4 33. Rd2 Bh6 34. Qe2 Qf7 35. Ng4 Bg7 36. Be4 Bf5 37. Bxf5 Nxf5 38. Qd3 Qh5 39. Nde3 1/2-1/2

[Event "GER-chT U16"]
[Site "Uelzen"]
[Date "2007.12.27"]
[Round "1.2"]
[White "Seemann, Semjon"]
[Black "Doberitz, Paul"]
[Result "1-0"]
[WhiteElo "2045"]
[BlackElo "2077"]
[PlyCount "53"]
[EventDate "2007.12.27"]
[EventType "team-swiss"]
[EventRounds "7"]
[EventCountry "GER"]
[SourceTitle "EXT 2022"]
[Source "ChessBase"]
[SourceDate "2021.10.06"]
[SourceVersion "1"]
[SourceVersionDate "2021.10.06"]
[SourceQuality "1"]
[WhiteTeam "Uelzen Post U16"]
[BlackTeam "Leipzig Gohlis U16"]
[WhiteTeamCountry "GER"]
[BlackTeamCountry "GER"]

1. e4 c5 2. Nf3 d6 3. d4 cxd4 4. Nxd4 Nf6 5. Nc3 a6 6. Be3 e5 7. Nf3 Be6 8. Ng5 Be7 9. Nxe6 fxe6 10. Bc4 Qd7 11. Qf3 h5 12. 0-0 b5 13. Bb3 Nc6 14. Qg3 Ng4 15. h3 Nf6 16. Qg6+ Kf8 17. f4 exf4 18. Bxf4 Nd4 19. Rad1 Nxb3 20. axb3 Rc8 21. Kh1 Qc6 22. Bxd6 Bxd6 23. Rxf6+ gxf6 24. Qxf6+ Kg8 25. Qxe6+ Kg7 26. Rxd6 Qe8 27. Rd7+ 1-0

[Event "GER-chT Lands U20"]
[Site "Verden an der Aller"]
[Date "2007.10.01"]
[Round "5.4"]
[White "Seemann, Semjon"]
[Black "Kotainy, Jens"]
[Result "0-1"]
[WhiteElo "2010"]
[BlackElo "2032"]
[PlyCount "74"]
[EventDate "2007.09.29"]
[EventType "team-swiss"]
[EventRounds "7"]
[EventCountry "GER"]
[SourceTitle "CBM 120 Extra"]
[Source "ChessBase"]
[SourceDate "2007.11.01"]
[SourceVersion "1"]
[SourceVersionDate "2007.11.01"]
[SourceQuality "1"]
[WhiteTeam "Niedersachsen"]
[BlackTeam "Nordrhein Westfalen"]
[WhiteTeamCountry "GER"]
[BlackTeamCountry "GER"]

1. e4 e6 2. d4 d5 3. exd5 exd5 4. c4 Nf6 5. Nc3 Be7 6. Nf3 0-0 7. Be2 dxc4 8. Bxc4 Bg4 9. Be3 Nc6 10. Be2 Nd5 11. Bc1 Bb4 12. Bd2 Bxf3 13. Bxf3 Re8+ 14. Kf1 Nb6 15. a3 Bf8 16. Bf4 Bd6 17. Bxd6 Qxd6 18. Nb5 Qd7 19. g3 a6 20. Nc3 Rad8 21. Ne2 Qf5 22. Kg2 Ne5 23. Nf4 g5 24. Nh5 g4 25. Bxg4 Nxg4 26. Qxg4+ Qxg4 27. Nf6+ Kg7 28. Nxg4 Rxd4 29. Ne3 Rd2 30. Kf3 Rxb2 31. Rac1 Rb3 32. Rxc7 Nd5 33. Rd7 Nxe3 34. fxe3 Rexe3+ 35. Kg4 Re4+ 36. Kf5 Ra4 37. Rc1 Rb5+ 0-1

[Event "GER-chT Lands U20"]
[Site "Verden an der Aller"]
[Date "2007.09.29"]
[Round "1.4"]
[White "Aslan, Benjamin"]
[Black "Seemann, Semjon"]
[Result "0-1"]
[WhiteElo "1965"]
[BlackElo "2010"]
[PlyCount "100"]
[EventDate "2007.09.29"]
[EventType "team-swiss"]
[EventRounds "7"]
[EventCountry "GER"]
[SourceTitle "CBM 120 Extra"]
[Source "ChessBase"]
[SourceDate "2007.11.01"]
[SourceVersion "1"]
[SourceVersionDate "2007.11.01"]
[SourceQuality "1"]
[WhiteTeam "Hessen"]
[BlackTeam "Niedersachsen"]
[WhiteTeamCountry "GER"]
[BlackTeamCountry "GER"]

1. d4 Nf6 2. c4 c5 3. d5 b5 4. cxb5 a6 5. b6 e6 6. Nc3 Nxd5 7. Nxd5 exd5 8. Qxd5 Nc6 9. Nf3 Rb8 10. e4 Be7 11. Bc4 0-0 12. 0-0 Rxb6 13. Be3 Na5 14. Ne5 Nxc4 15. Nxc4 Bb7 16. Qd3 Re6 17. Rfd1 Bxe4 18. Qxd7 Qa8 19. Nb6 Rxb6 20. Qxe7 Re6 21. Qxc5 Bxg2 22. Bg5 Rfe8 23. Qc7 Bh1 24. f3 Qxf3 25. Qg3 h6 26. Rf1 Qb7 27. Bf6 g6 28. Bc3 Re3 29. Qf2 Re2 30. Rae1 Rxe1 31. Rxe1 Rxe1+ 32. Bxe1 Qd5 33. Bc3 f5 34. Qd2 Kf7 35. Qxd5+ Bxd5 36. a3 g5 37. Kf2 f4 38. b4 Kg6 39. a4 Bc6 40. a5 Kf5 41. h3 h5 42. Bd4 Ke4 43. Bc5 g4 44. hxg4 hxg4 45. Bd6 Kf5 46. Bc5 g3+ 47. Kf1 f3 48. Bb6 Bb5+ 49. Kg1 Ke4 50. Bc5 Kd3 0-1

[Event "GER-chT Lands U20"]
[Site "Verden an der Aller"]
[Date "2007.09.29"]
[Round "2.4"]
[White "Seemann, Semjon"]
[Black "Hingst, Silke"]
[Result "1-0"]
[WhiteElo "2010"]
[BlackElo "1552"]
[PlyCount "69"]
[EventDate "2007.09.29"]
[EventType "team-swiss"]
[EventRounds "7"]
[EventCountry "GER"]
[SourceTitle "CBM 120 Extra"]
[Source "ChessBase"]
[SourceDate "2007.11.01"]
[SourceVersion "1"]
[SourceVersionDate "2007.11.01"]
[SourceQuality "1"]
[WhiteTeam "Niedersachsen"]
[BlackTeam "Mecklenburg Vorpommern"]
[WhiteTeamCountry "GER"]
[BlackTeamCountry "GER"]

1. e4 e5 2. Nf3 Nc6 3. Bb5 a6 4. Ba4 Nf6 5. d3 b5 6. Bb3 d6 7. Ng5 Bg4 8. Bxf7+ Ke7 9. f3 Bd7 10. Bb3 Be8 11. Nc3 Nd4 12. Nd5+ Nxd5 13. Bxd5 c6 14. c3 cxd5 15. cxd4 dxe4 16. fxe4 Qb6 17. Qb3 h6 18. Nf3 Bf7 19. d5 g5 20. d4 exd4 21. 0-0 Bg7 22. Bd2 Bg6 23. Rae1 Be5 24. Bb4 Kd7 25. Nxe5+ dxe5 26. Qh3+ Kd8 27. Rc1 Be8 28. Qf5 Bg6 29. Ba5 Qxa5 30. Qf6+ Kd7 31. Qe6+ Kd8 32. Qd6+ Ke8 33. Qxg6+ Kd8 34. Qd6+ Ke8 35. Qxe5+ 1-0